| 000 | 00000nam##2200000za#4500 |
| 001 | 9.640521 |
| 003 | CaOODSP |
| 005 | 20210624222719 |
| 007 | cr ||||||||||| |
| 008 | 150407|2000||||xxc|||||o f|0| 0 fre|d |
| 040 | |aCaOODSP|bfre |
| 043 | |an-cn--- |
| 086 | 1 |aEn56-170/2000F-PDF |
| 110 | 1 |aCanada.|bProcessus national sur le changement climatique. |
| 245 | 10|aRecueil de mesures canadiennes-- agir pour contrer le changement climatique |h[ressource électronique] |
| 260 | |bProcessus national sur le changement climatique |cOctobre 2000. |
| 300 | |a4, 4, 26, 16, 10, 4, 25p.|bphotographies |
| 500 | |aL'ISBN (1-894686-46-2) de l'édition imprimée a été incorrectement copié dans cette édition électronique. |
| 520 | 3 |a«Ce recueil présente les mesures prises par tous les ordres de gouvernement canadiens pour contrer le changement climatique. Elles sont regroupées en cinq catégories correspondant à la composition de la Stratégie nationale de mise en oeuvre du Canada sur le changement climatique et le Premier plan national d’activités du Canada sur le changement climatique : Encourager l’action; Promouvoir le développement et l’innovation technologiques; Accroître la sensibilisation et la compréhension; Les gouvernements donnent l’exemple; Investir dans les connaissances et bâtir la fondation. De plus, on trouvera à la fin du volume un index des programmes par zone de compétence.»--Introduction |
| 590 | |a12-32-Supp|b2012-07-11 |
| 691 | 07|aChangement climatique|2gcpds |
| 691 | 07|aPolitique gouvernementale|2gcpds |
| 775 | 08|tA compendium of Canadian initiatives taking action on climate change |w(CaOODSP)9.696404 |
| 856 | 40|ahttp://publications.gc.ca|qPDF|s1.08 Mo|uhttps://publications.gc.ca/collections/Collection/En56-170-2000F-2.pdf |
| 856 | 40|ahttp://publications.gc.ca|qPDF|s821 Ko|uhttps://publications.gc.ca/collections/Collection/En56-170-2000F-3.pdf |
| 856 | 40|ahttp://publications.gc.ca|qPDF|s4.44 Mo|uhttps://publications.gc.ca/collections/Collection/En56-170-2000F-toc.pdf |
| 856 | 40|ahttp://publications.gc.ca|qPDF|s2.12 Mo|uhttps://publications.gc.ca/collections/Collection/En56-170-2000F-1.pdf |
| 856 | 40|ahttp://publications.gc.ca|qPDF|s476 Ko|uhttps://publications.gc.ca/collections/Collection/En56-170-2000F-cov.pdf |
| 856 | 40|ahttp://publications.gc.ca|qPDF|s990 Ko|uhttps://publications.gc.ca/collections/Collection/En56-170-2000F-4.pdf |
| 856 | 40|ahttp://publications.gc.ca|qPDF|s1.38 Mo|uhttps://publications.gc.ca/collections/Collection/En56-170-2000F-5.pdf |